<?xml version="1.0" encoding="UTF-8"?>
<record
    xmlns:xsi="http://www.w3.org/2001/XMLSchema-instance"
    xsi:schemaLocation="http://www.loc.gov/MARC21/slim http://www.loc.gov/standards/marcxml/schema/MARC21slim.xsd"
    xmlns="http://www.loc.gov/MARC21/slim">

  <leader>00939nam a22002057a 4500</leader>
  <controlfield tag="008">110815t    xxu||||g |||| 000 0 ara d</controlfield>
  <datafield tag="082" ind1=" " ind2=" ">
    <subfield code="2">22</subfield>
    <subfield code="a">320</subfield>
    <subfield code="b">&#x645; &#x627; &#x631; </subfield>
  </datafield>
  <datafield tag="100" ind1=" " ind2=" ">
    <subfield code="9">26728</subfield>
    <subfield code="a">&#x645;&#x627;&#x631;&#x64A;&#x62A;&#x627;&#x646;&#x60C;&#x62C;&#x627;&#x643;</subfield>
  </datafield>
  <datafield tag="245" ind1=" " ind2=" ">
    <subfield code="a">&#x627;&#x644;&#x641;&#x631;&#x62F; &#x648; &#x627;&#x644;&#x62F;&#x648;&#x644;&#x629;/</subfield>
    <subfield code="c">&#x62A;&#x623;&#x644;&#x64A;&#x641; &#x62C;&#x627;&#x643; &#x645;&#x627;&#x631;&#x64A;&#x62A;&#x627;&#x646;&#x61B;&#x62A;&#x631;&#x62C;&#x645;&#x629; &#x639;&#x628;&#x62F; &#x627;&#x644;&#x644;&#x647; &#x623;&#x645;&#x64A;&#x646; &#x61B;&#x645;&#x631;&#x627;&#x62C;&#x639;&#x629; &#x635;&#x627;&#x644;&#x62D; &#x627;&#x644;&#x634;&#x645;&#x627;&#x639;&#x60C;&#x642;&#x631;&#x64A;&#x627;&#x642;&#x648;&#x633; &#x645;&#x648;&#x633;&#x64A;&#x633;</subfield>
  </datafield>
  <datafield tag="260" ind1=" " ind2=" ">
    <subfield code="a">&#x628;&#x64A;&#x631;&#x648;&#x62A;:</subfield>
    <subfield code="b">&#x62F;&#x627;&#x631; &#x645;&#x643;&#x62A;&#x628;&#x629; &#x627;&#x644;&#x62D;&#x64A;&#x627;&#x629; &#x60C;[&#x62F;.&#x62A; ]</subfield>
    <subfield code="c">[&#x62F;.&#x62A;].</subfield>
  </datafield>
  <datafield tag="300" ind1=" " ind2=" ">
    <subfield code="a">237&#x635;&#x60C;</subfield>
    <subfield code="c">24&#x633;&#x645;.</subfield>
  </datafield>
  <datafield tag="650" ind1=" " ind2=" ">
    <subfield code="9">16238</subfield>
    <subfield code="a">&#x627;&#x644;&#x633;&#x64A;&#x627;&#x633;&#x629;</subfield>
  </datafield>
  <datafield tag="650" ind1=" " ind2=" ">
    <subfield code="9">13389</subfield>
    <subfield code="a">&#x627;&#x644;&#x62F;&#x64A;&#x645;&#x642;&#x631;&#x627;&#x637;&#x64A;&#x629; </subfield>
  </datafield>
  <datafield tag="653" ind1=" " ind2=" ">
    <subfield code="b">General</subfield>
    <subfield code="c">August2011</subfield>
  </datafield>
  <datafield tag="700" ind1=" " ind2=" ">
    <subfield code="9">26729</subfield>
    <subfield code="a">&#x623;&#x645;&#x64A;&#x646;&#x60C;&#x639;&#x628;&#x62F; &#x627;&#x644;&#x644;&#x647;</subfield>
    <subfield code="c">&#x645;&#x62A;&#x631;&#x62C;&#x645; </subfield>
  </datafield>
  <datafield tag="700" ind1=" " ind2=" ">
    <subfield code="9">26730</subfield>
    <subfield code="a">&#x627;&#x644;&#x634;&#x645;&#x627;&#x639;&#x60C;&#x635;&#x627;&#x644;&#x62D;</subfield>
    <subfield code="c">&#x645;&#x631;&#x627;&#x62C;&#x639;. </subfield>
  </datafield>
  <datafield tag="700" ind1=" " ind2=" ">
    <subfield code="9">26731</subfield>
    <subfield code="a">&#x645;&#x648;&#x633;&#x64A;&#x633;&#x60C;&#x642;&#x631;&#x64A;&#x627;&#x642;&#x648;&#x633;</subfield>
    <subfield code="c">&#x645;&#x631;&#x627;&#x62C;&#x639;. </subfield>
  </datafield>
  <datafield tag="942" ind1=" " ind2=" ">
    <subfield code="2">ddc</subfield>
    <subfield code="c">BB</subfield>
  </datafield>
  <datafield tag="999" ind1=" " ind2=" ">
    <subfield code="c">15844</subfield>
    <subfield code="d">15844</subfield>
  </datafield>
  <datafield tag="952" ind1=" " ind2=" ">
    <subfield code="0">0</subfield>
    <subfield code="1">0</subfield>
    <subfield code="2">ddc</subfield>
    <subfield code="4">0</subfield>
    <subfield code="7">0</subfield>
    <subfield code="8"> </subfield>
    <subfield code="a">MAIN</subfield>
    <subfield code="b">MAIN</subfield>
    <subfield code="c">1ST</subfield>
    <subfield code="d">2011-08-15</subfield>
    <subfield code="e">Donation</subfield>
    <subfield code="o">320 &#x645; &#x627; &#x631;</subfield>
    <subfield code="p">000023491</subfield>
    <subfield code="r">2025-07-15 00:00:00</subfield>
    <subfield code="y">BB</subfield>
  </datafield>
</record>
